Middle Yangtze River Cities Map Quiz 长江中游城市群 - Statistics

General Stats
  • This quiz has been taken 200 times
  • The average score is 18 of 27
Answers on the Map
Answers color-coded by a green-red scale on the quiz's map according to % correct below.
 
Answer Stats
Answer % Correct
Changsha
长沙
93%
Nanchang
南昌
93%
Wuhan
武汉
93%
Zhuzhou
株洲
73%
Jiujiang
九江
72%
Yueyang
岳阳
71%
Pingxiang
萍乡
69%
Xiangtan
湘潭
68%
Xiantao
仙桃
67%
Hengyang
衡阳
66%
Jingdezhen
景德镇
65%
Shangrao
上饶
64%
Xiaogan
孝感
64%
Loudi
娄底
61%
Xianning
咸宁
61%
Changde
常德
60%
Yiyang
益阳
60%
Ezhou
鄂州
58%
Huangshi
黄石
58%
Tianmen
天门
57%
Xinyu
新余
55%
Yingtan
鹰潭
55%
Huanggang
黄冈
54%
Ji'an
吉安
54%
Yichun
宜春
54%
Qianjiang
潜江
53%
Fuzhou
抚州
52%
No matching quizzes found
Score Distribution
Percent of People with Each Score
Percentile by Number Answered
Your Score History
You have not taken this quiz